000 01259cad a22001935a 4500
001 L152485
008 110317s2011 xxk f 000 0 eng d
035 _a(Sirsi) u152485
041 0 _aeng
110 2 _aUnited Kingdom
_bDepartment for Environment Food and Rural Affairs
245 0 0 _aUplands policy review
_h[electronic resource]
260 _aLondon
_bDEFRA
_c2011
520 _aUplands Policy Review document is launched setting out a wide range of commitments by Government to enable the English uplands to become more economically, socially and environmentally sustainable. Key measures include a promise that every hill farmer eligible to enter Uplands Entry Level Stewardship - the key environmental management scheme for hill farmers will be able to do so and a new rural Community Broadband Fund worth up to £20m will be set up to allow local communities to apply for help with small scale broadband projects. Further announcements will be made on these measures in the coming months.
590 _aKA NTK
651 4 _aEngland
_y886-
690 _aPROPERTY-RURAL AND NATURAL ASSETS
856 4 0 _uhttps://www.defra.gov.uk/rural/documents/interim2/upland-policy-review2011.pdf
_zView the report free of charge at www.defra.gov.uk
942 _n0
999 _c112069
_d112069